000 00426nam a2200181Ia 4500
001 13182
005 20260306163035.0
008 260306t2022||||xx |||||||||||||| ||spa||
041 _aESP
082 _a001.42
_bA72
100 _aArias Chávez, Dennis
_eAUT
245 0 _aLa tesis:
_bmitos y errores
260 _c2022
300 _a200 páginas :
_c24 cm.
650 _aGEN
654 _aCHU
942 _cLIB
_dJUS
_fJUS
_2ddc
_n
999 _c13182
_d13182